[Event "Hessenliga 0607"]
[Site "Germany"]
[Date "2006.10.08"]
[Round "2.1"]
[White "Peshekhonov, Viktor"]
[Black "Niebling, Ferdinand"]
[Result "0-1"]
[WhiteElo "2260"]
[BlackElo "2201"]
[PlyCount "74"]
[EventDate "2006.09.17"]
[EventType "team-tourn"]
[EventRounds "9"]
[EventCountry "GER"]
[SourceTitle "EXT 2008"]
[Source "ChessBase"]
[SourceDate "2007.11.25"]
[SourceVersion "1"]
[SourceVersionDate "2007.11.25"]
[SourceQuality "1"]
[WhiteTeam "Giessen II"]
[BlackTeam "Frankfurt West"]
[WhiteTeamCountry "GER"]
[BlackTeamCountry "GER"]

1. d4 d5 2. Bf4 Nf6 3. e3 c5 4. h3 Nc6 5. c3 Qb6 6. Qb3 c4 7. Qxb6 axb6 8. Nd2 b5 9. Ngf3 e6 10. a3 b4 11. cxb4 Bxb4 12. 0-0-0 Be7 13. Ne5 0-0 14. Kc2 Bd7 15. Nxd7 Nxd7 16. Nb1 b5 17. Nc3 b4 18. axb4 Bxb4 19. Be2 Ra7 20. Ra1 Rfa8 21. Rxa7 Rxa7 22. Rd1 Nb6 23. Rb1 f6 24. Bg3 Kf7 25. f3 Ke7 26. f4 Ra5 27. Bf3 Bd6 28. Be2 g5 29. Rf1 f5 30. h4 g4 31. Rb1 Na4 32. Nxa4 Rxa4 33. Be1 Bb4 34. Bc3 Kd7 35. b3 Ra2+ 36. Rb2 cxb3+ 37. Kxb3 Ra3+ 0-1

[Event "Bad Zwesten op 10th"]
[Site "Bad Zwesten"]
[Date "2006.01.08"]
[Round "9"]
[White "Siebrecht, Sebastian"]
[Black "Peshekhonov, Viktor"]
[Result "1-0"]
[WhiteElo "2485"]
[BlackElo "2262"]
[PlyCount "79"]
[EventDate "2006.01.02"]
[EventType "swiss"]
[EventRounds "9"]
[EventCountry "GER"]
[SourceTitle "CBM 110 Extra"]
[Source "ChessBase"]
[SourceDate "2006.03.10"]
[SourceVersion "2"]
[SourceVersionDate "2006.03.10"]
[SourceQuality "1"]

1. Nf3 c5 2. c4 Nc6 3. Nc3 g6 4. g3 Bg7 5. Bg2 e6 6. a3 Nge7 7. b4 d6 8. Rb1 0-0 9. 0-0 b6 10. e3 Bb7 11. d4 Nf5 12. Ne2 Qe7 13. Bb2 Rfd8 14. d5 exd5 15. cxd5 Ne5 16. Nd2 Rdc8 17. b5 Re8 18. a4 Bc8 19. e4 Nh6 20. h3 f5 21. f4 Nd7 22. e5 Rb8 23. e6 Bxb2 24. Rxb2 Nf6 25. Nc4 Qc7 26. Nc3 Kf8 27. Bf3 Nhg8 28. g4 Ne7 29. Kh1 a5 30. bxa6 Bxa6 31. Nb5 Bxb5 32. Rxb5 fxg4 33. hxg4 Nc8 34. Qa1 Ng8 35. Rfb1 Ra8 36. a5 Qe7 37. Nxb6 Nxb6 38. Rxb6 Ra7 39. a6 Rea8 40. Rb8+ 1-0

[Event "Hessenliga 0405"]
[Site "Germany"]
[Date "2004.11.07"]
[Round "3.4"]
[White "Peshekhonov, Viktor"]
[Black "Duncker, Joachim"]
[Result "0-1"]
[WhiteElo "2310"]
[BlackElo "2275"]
[PlyCount "64"]
[EventDate "2004.09.26"]
[EventType "team-tourn"]
[EventRounds "9"]
[EventCountry "GER"]
[SourceTitle "EXT 2006"]
[Source "ChessBase"]
[SourceDate "2005.11.24"]
[SourceVersion "1"]
[SourceVersionDate "2005.11.24"]
[SourceQuality "1"]
[WhiteTeam "Giessen"]
[BlackTeam "Marburg"]
[WhiteTeamCountry "GER"]
[BlackTeamCountry "GER"]

1. e4 d5 2. exd5 Qxd5 3. Nc3 Qa5 4. Bc4 c6 5. Nf3 Nf6 6. Qe2 Bf5 7. Ne5 e6 8. Bb3 Nbd7 9. Nxd7 Nxd7 10. g4 Bg6 11. d4 0-0-0 12. f4 Nf6 13. Bd2 Bb4 14. 0-0-0 Qc7 15. Be3 Bxc3 16. bxc3 Nd5 17. Qd2 Be4 18. Rhf1 Qa5 19. Kb2 b5 20. c4 Qxd2 21. Bxd2 bxc4 22. Bxc4 Kd7 23. Bb3 Rb8 24. c4 Nb6 25. Kc3 f5 26. gxf5 exf5 27. Rg1 g6 28. Bc1 Rhe8 29. Rde1 a5 30. a4 Rb7 31. Ba3 Reb8 32. Re2 Nd5+ 0-1

[Event "Hessenliga 0304"]
[Site "Germany"]
[Date "2004.01.25"]
[Round "5.3"]
[White "Peshekhonov, Viktor"]
[Black "Zelba, Maurizio"]
[Result "1-0"]
[WhiteElo "2323"]
[BlackElo "2114"]
[PlyCount "53"]
[EventDate "2003.10.??"]
[EventType "team-tourn"]
[EventRounds "9"]
[EventCountry "GER"]
[SourceTitle "EXT 2005"]
[Source "ChessBase"]
[SourceDate "2004.11.15"]
[SourceVersion "1"]
[SourceVersionDate "2004.11.15"]
[SourceQuality "1"]
[WhiteTeam "Giessen"]
[BlackTeam "Limburg"]
[WhiteTeamCountry "GER"]
[BlackTeamCountry "GER"]

1. e4 c5 2. Nf3 Nc6 3. d4 cxd4 4. Nxd4 Nf6 5. Nc3 e5 6. Ndb5 d6 7. Nd5 Nxd5 8. exd5 Nb8 9. c4 Nd7 10. Be2 f5 11. 0-0 a6 12. Nc3 Be7 13. Kh1 Bf6 14. Qc2 e4 15. f3 exf3 16. gxf3 0-0 17. f4 Re8 18. Bd2 Nc5 19. Bh5 g6 20. Bf3 b5 21. b4 Ne4 22. Nxe4 fxe4 23. Bxe4 Bd4 24. Bxg6 hxg6 25. Qxg6+ Kf8 26. f5 Be3 27. Bxe3 1-0

[Event "Hessenliga 0304"]
[Site "Germany"]
[Date "2003.10.12"]
[Round "2.4"]
[White "Peshekhonov, Viktor"]
[Black "Goeke, Bernd"]
[Result "1/2-1/2"]
[WhiteElo "2323"]
[BlackElo "2037"]
[PlyCount "21"]
[EventDate "2003.10.??"]
[EventType "team-tourn"]
[EventRounds "9"]
[EventCountry "GER"]
[SourceTitle "EXT 2005"]
[Source "ChessBase"]
[SourceDate "2004.11.15"]
[SourceVersion "1"]
[SourceVersionDate "2004.11.15"]
[SourceQuality "1"]
[WhiteTeam "Giessen"]
[BlackTeam "Bensheim"]
[WhiteTeamCountry "GER"]
[BlackTeamCountry "GER"]

1. Nf3 Nf6 2. d4 e6 3. g3 d5 4. Bg2 c5 5. 0-0 Nc6 6. c3 Be7 7. Nbd2 0-0 8. Nb3 cxd4 9. Nbxd4 Nxd4 10. cxd4 Bd7 11. Ne5 1/2-1/2

[Event "Hessenliga 0203"]
[Site "Germany"]
[Date "2003.03.16"]
[Round "8.4"]
[White "Peshekhonov, Viktor"]
[Black "Kopp, Peter"]
[Result "1/2-1/2"]
[WhiteElo "2323"]
[BlackElo "2136"]
[PlyCount "93"]
[EventDate "2002.10.??"]
[EventType "team-tourn"]
[EventRounds "9"]
[EventCountry "GER"]
[SourceTitle "EXT 2004"]
[Source "ChessBase"]
[SourceDate "2003.11.25"]
[SourceVersion "1"]
[SourceVersionDate "2003.11.25"]
[SourceQuality "1"]
[WhiteTeam "Giessen"]
[BlackTeam "Hofheim II"]
[WhiteTeamCountry "GER"]
[BlackTeamCountry "GER"]

1. e4 c6 2. d4 d5 3. Nc3 dxe4 4. Nxe4 Nd7 5. c3 Ngf6 6. Nxf6+ Nxf6 7. Bc4 e6 8. Nf3 c5 9. 0-0 Be7 10. Qe2 0-0 11. dxc5 Bxc5 12. Bg5 Be7 13. Rad1 Qc7 14. Ne5 Nd5 15. Bxe7 Nxe7 16. Qe4 Nc6 17. Nf3 Qe7 18. Rfe1 Qf6 19. Ne5 Qxe5 20. Qxe5 Nxe5 21. Rxe5 g6 22. f4 h5 23. Rc5 Kg7 24. Rc7 Kf6 25. h4 Re8 26. Bb5 Re7 27. Rxe7 Kxe7 28. a4 a6 29. Bc4 Bd7 30. a5 Rc8 31. Rd4 Rc5 32. b4 Rc7 33. Kf2 Ba4 34. Ke2 Bc2 35. Kd2 Bf5 36. Be2 f6 37. Rc4 Rd7+ 38. Ke3 e5 39. fxe5 fxe5 40. Rc5 Kd6 41. Bf3 Ke6 42. Be2 Kd6 43. Bc4 Re7 44. Rd5+ Kc7 45. Rc5+ Kd6 46. Rd5+ Kc7 47. Rc5+ 1/2-1/2